000 00367nam a2200145Ia 4500
008 230917s9999||||xx |||||||||||||| ||und||
040 _e145357
_aMAIN
041 _aEnglish
082 _a152 O2B
100 _aOpen University
245 0 _aBiology, brain and behaviour
260 _aMilton Keners
_bThe Open University Press
_c1981
300 _a70p p.
942 _cBK
999 _c42444
_d42444